000 00617nam a2200205 i 4500
001 66953
003 ES-MaACL
005 20230906165917.0
007 t|
008 040423s1991 xxk ||||1| eng d
020 _a0-7190-2936-8
080 _a738.032
100 1 _aSparkes, Brian A.
_9107643
245 1 0 _aGreek pottery
_b: an introduction /
_cBrian A. Sparkes.
260 _aManchester :
_bManchester University Press,
_c[1991]
300 _a186 p. :
_bil. bl. y n. ;
_c24 cm.
504 _aBibliografĂ­a p. [155]-181. Indice.
650 4 _aCerámica griega.
_910894
852 _aES-MaACL
_jL-27451
_bR.133268
999 _c66953
_d66953